Reflections of war-Hemingway / (Record no. 20025)

MARC details
000 -LEADER
fixed length control field 00833nam a22002177a 4500
008 - FIXED-LENGTH DATA ELEMENTS--GENERAL INFORMATION
fixed length control field 081217t xxu||||| |||| 00| 0 eng d
010 ## - LCCN (DPL NO)
LC control number ENG-92240
020 ## - INTERNATIONAL STANDARD BOOK NUMBER
International Standard Book Number 9788190756181
Terms of availability 55.00
035 ## - SYSTEM CONTROL NUMBER
System control number EN-75773
037 ## - SOURCE OF ACQUISITION
Source of stock number/acquisition DBAD / PUB
040 ## - CATALOGING SOURCE
Original cataloging agency dpl
Language of cataloging English
082 ## - DEWEY DECIMAL CLASSIFICATION NUMBER
Classification number 883.08
100 ## - MAIN ENTRY--PERSONAL NAME
Personal name Jeyakumari, P.
245 ## - TITLE STATEMENT
Title Reflections of war-Hemingway /
Statement of responsibility, etc by P. Jeyakumari
260 ## - PUBLICATION, DISTRIBUTION, ETC. (IMPRINT)
Place of publication, distribution, etc Tiruvannamalai
Name of publisher, distributor, etc Thulasi Publication
Date of publication, distribution, etc 2008
270 ## - ADDRESS
Address No. 97, Gandhi Road, Cheyyar
City Tiruvannamalai
300 ## - PHYSICAL DESCRIPTION
Extent 82p.
Dimensions 25cm (pbk)
600 ## - SUBJECT ADDED ENTRY--PERSONAL NAME
Personal name Hemingway, Ernest, 1899-1961
General subdivision Criticism and interpretation.
942 ## - ADDED ENTRY ELEMENTS (KOHA)
Source of classification or shelving scheme Dewey Decimal Classification
Item type English Books
Call number suffix JEY
Classification part 883.08
Holdings
Withdrawn status Lost status Source of classification or shelving scheme Damaged status Not for loan Collection code Home library Current library Date acquired Source of acquisition Cost, normal purchase price Total Checkouts Full call number Barcode Date last seen Copy number Cost, replacement price Koha item type
    Dewey Decimal Classification   Not For Loan Non-fiction D.B.Act.Division D.B.Act.Division 17/12/2008 DBAD / PUB 55.00   883.08 JEY EN-75773 17/12/2008 1 55.00 English Books

© Delhi Public Library
Hit Counter
free hit counter